000
00198 a2200097 4500
001
17466
100
_a
Collatz
245
_a
Optimization problems
260
_a
_b
Springer
_c
090
_c
12907
_d
12907
942
_a
NUST-CAE
_c
M
_c
3233
999
_c
252539
_d
252539